| 000 | 02151nam a2200505Ii 4500 | ||
|---|---|---|---|
| 001 | DIGCSIC0540 | ||
| 003 | NyNyDIG | ||
| 007 | cr ||||||||||| | ||
| 008 | 210815s2019 sp ae ob 000 0 spa d | ||
| 006 | m o d | ||
| 035 | _a(OCoLC)1282640002 | ||
| 040 |
_aDGITA _beng _erda _epn _cDGITA |
||
| 020 |
_a9788400105075 _qeBook |
||
| 020 | _z9788400105068 | ||
| 024 | 7 |
_a694-19-085-6 _qe-NIPO _2nipo |
|
| 024 | 7 |
_z694-19-084-0 _2nipo |
|
| 041 | 1 |
_aspa _aita _hspa |
|
| 043 | _ae-it--- | ||
| 050 | 1 | 4 | _aDG70.G3 ebook |
| 100 | 1 |
_aRodríguez Almeida, Emilio, _d1930- _eauthor. |
|
| 245 | 1 | 0 |
_aExcavación en Gabii : _bdiario (1965) = Scavi di Gabii : Taccuino (1965) / _cEmilio Rodríguez Almeida ; editado por = a cura di, Laurentino García y García. |
| 246 | 3 | 1 | _aScavi di Gabii |
| 264 | 1 |
_aMadrid : _bCSIC ; _aRoma : _bArbor Sapientiae Editore, _c[2019] |
|
| 300 |
_a1 online resource : _billustrations, plans. |
||
| 336 |
_atext _btxt _2rdacontent |
||
| 337 |
_acomputer _bc _2rdamedia |
||
| 338 |
_aonline resource _bcr _2rdacarrier |
||
| 347 |
_atext file _2rdaft |
||
| 347 | _bPDF | ||
| 504 | _aIncludes bibliographical references. | ||
| 546 | _aIncludes facsimilar reproduction of the original Spanish manuscript, with transcription and Italian translation. | ||
| 588 | 0 | _aOnline resource; title from PDF title page (Digitalia, viewed August 15, 2021) | |
| 650 | 0 |
_aExcavations (Archaeology) _zItaly _zGabii (Extinct city) _xHistory _y20th century. |
|
| 600 | 1 | 0 |
_aRodríguez Almeida, Emilio, _d1930- _vDiaries. |
| 650 | 0 |
_aArchaeologists _zSpain _vDiaries. |
|
| 651 | 0 |
_aGabii (Extinct city) _xAntiquities. |
|
| 655 | 0 | _aElectronic books. | |
| 700 | 1 |
_aGarcía y García, Laurentino, _eeditor. |
|
| 791 | 2 |
_aDigitalia (Firm), _edistributor. |
|
| 793 | 0 |
_gDigitalia eBook Collection: _aEditorial CSIC |
|
| 776 | 0 | 8 |
_iPrint version: _aRodríguez Almeida, Emilio, 1930- _tExcavación en Gabii. _dMadrid : CSIC ; Roma : Arbor Sapientiae Editore, [2019] _z9788400105068 _w(OCoLC)1160033635 |
| 856 | 4 | 0 |
_3Digitalia Hispánica _uhttps://www.digitaliapublishing.com/a/66562/ |
| 910 | _aPremium collection: 2021 | ||
| 942 | _cRAA | ||
| 999 |
_c261688 _d261688 |
||